000 00529nam a2200181Ia 4500
005 20250508152750.0
008 008 250505s9999 xx 000 0 eng d
037 _aTextual
040 _aFEDL
_beng
_cFEDL
041 _aeng
_2eng
084 _a371.14, MIL
_qFEDL
100 _aMillett Fred B
_952959
245 0 _aProfessor : problems and rewards in college teaching
260 _aNew York, USA
_bThe Macmillan Company
_c1961
300 _ax,189p.
942 _cTEXL
_h371.14, MIL
999 _c1338615
_d1338615